000 01000nam a22002537a 4500
005 20240530110354.0
008 141230s2009 ua dfe g b 000 0 ara d
017 _a2008/17793
_bمصر . دار الكتب المصرية
020 _a9772326663
040 _aEG-CaGPL
041 0 _aara
082 0 4 _221
_a371.912\
_bف م
100 0 _aفتحية احمد بطيخ
245 1 0 _aمدخل لتدريس الاعداد الصحيحة و التحويلات الهندسية للتلاميذ الصم :
_b( تجربة ميدانية ) /
_cاعداد فتحية احمد بطيخ
250 _aط1
260 _aالقاهرة :
_bعالم الكتب ،
_c2009
300 _a403 ص :
_bايض ؛
_c24 سم
504 _aيشتمل على ارجاعات ببليوجرافية
650 0 4 _aالصم
_xتعليم
650 0 4 _aالصم
_xوسائل اتصال
650 0 4 _aالصم
_xتعليم
_xالاعداد الصحيحة
942 _2ddc
_cBK
999 _c60129
_d60129